000 00846nam a2200253 a 4500
001 40696
003 BD-RjUL
005 20211209053251.0
008 160509s1983 nyu||||| b||| 00| 0 eng d
020 _a0875812937
035 _a(BD-RjUL)40811
040 _aBD-RjUL
_beng
_cBD-RjUL
041 _aeng
082 _223
_a320.50973
_bAME 1983
245 0 0 _aAmerican Political Thought :
_bthe philosophic dimension of American Statesmanship /
_cedited by Morton J. Frisch ; Richard G.Stevens
250 _a2nd ed.
260 _aNew York :
_bPeacock Publishers,
_cc1983.
300 _axii, 361 p. :
_c23 cm.
504 _aIncludes Bibliographical references
650 _aPolitical science
_9125207
_zUnited states
_xHistory.
700 _aFrisch, Morton J. ,ed.
_9126136
700 _aStevens, Richard G. , jt. ed.
_9125206
942 _2ddc
_cBK
999 _c40696
_d40696